000 00435 a2200133 4500
001 88080
082 _aPR 319
090 _c41490
_d41490
100 _aShaif Shah, 005908
245 _aHigh angle of attack and high mack number performance estimation of JF-17 thunder using corrected wind tunnel test data
260 _aRisalpur
_bNUST Risalpur
_c2003
300 _av, 81p.
_eJehanzeb Masud, Zubair Islam
500 _aBE Project Reports
942 _aCAE NUST
_kPR 319
999 _c323153
_d323153